| 000 | 00000nam 2200000zi 4500 |
| 001 | 9.940558 |
| 003 | CaOODSP |
| 005 | 20240723153748 |
| 006 | m o d f |
| 007 | cr cn||||||||| |
| 008 | 240712e201302##onc o f000 0 eng d |
| 040 | |aCaOODSP|beng|erda|cCaOODSP |
| 043 | |an-cn--- |
| 086 | 1 |aIN4-74/2013E-PDF |
| 245 | 00|aOffice of the Superintendent of Financial Institutions internal audit report on Supervision Support Group - Capital Markets & Risk Assessment Services (SSG-CMRAS). |
| 264 | 1|a[Ottawa] : |bOffice of the Superintendent of Financial Institutions Canada = Bureau du surintendant des institutions financières Canada, |cFebruary 2013. |
| 300 | |a1 online resource (12 pages) |
| 336 | |atext|btxt|2rdacontent |
| 337 | |acomputer|bc|2rdamedia |
| 338 | |aonline resource|bcr|2rdacarrier |
| 500 | |aIssued also in French under title: Bureau du surintendant des institutions financières rapport d’audit interne portant sur les Services d’évaluation des risques liés aux marchés financiers du Groupe du soutien de la surveillance (SERMF-GSS). |
| 610 | 20|aOffice of the Superintendent of Financial Institutions Canada|xAuditing. |
| 650 | 0|aCapital market|zCanada. |
| 710 | 2 |aOffice of the Superintendent of Financial Institutions Canada, |eissuing body. |
| 775 | 08|tBureau du surintendant des institutions financières rapport d’audit interne portant sur les Services d’évaluation des risques liés aux marchés financiers du Groupe du soutien de la surveillance (SERMF-GSS).|w(CaOODSP)9.940927 |
| 856 | 40|qPDF|s501 KB|uhttps://publications.gc.ca/collections/collection_2024/bsif-osfi/IN4-74-2013-eng.pdf |